Collaborative web development: strategies and best practices for web teams. (Record no. 196343)

MARC details
000 -LEADER
fixed length control field 00494nam a2200157Ia 4500
008 - FIXED-LENGTH DATA ELEMENTS--GENERAL INFORMATION
fixed length control field 210716s2013 xx 000 0 und d
020 ## - INTERNATIONAL STANDARD BOOK NUMBER
International Standard Book Number 9788177583267
041 ## - LANGUAGE CODE
Language code of text/sound track or separate title eng
082 ## - DEWEY DECIMAL CLASSIFICATION NUMBER
Classification number 004.607 BURJ
100 ## - MAIN ENTRY--PERSONAL NAME
Personal name Burdman, Jessica.
245 ## - TITLE STATEMENT
Title Collaborative web development: strategies and best practices for web teams.
Remainder of title Strategies and best practices for web teams.
250 ## - EDITION STATEMENT
Edition statement 1
260 ## - PUBLICATION, DISTRIBUTION, ETC.
Place of publication, distribution, etc. New Delhi
Name of publisher, distributor, etc. Pearson Education
Date of publication, distribution, etc. 2013
300 ## - PHYSICAL DESCRIPTION
Extent xv,251
650 ## - SUBJECT ADDED ENTRY--TOPICAL TERM
Topical term or geographic name entry element Web Design & Development
Holdings
Withdrawn status Lost status Damaged status Not for loan Collection code Home library Current library Source of acquisition Cost, normal purchase price Total Checkouts Full call number Barcode Date last seen Cost, replacement price Price effective from Koha item type
        MCA St Aloysius Institute of Management & Information Technology St Aloysius Institute of Management & Information Technology Book Paradise 559.00   004.607 BURJ MCA15858 07/21/2025 391.30 07/16/2021 Book